Score 0/45 Timer 10:00
0 Plays Today
Number School % Correct
3.University of Virginia
96.5%
15 (tie).University of Texas
96.5%
1.University of California Los Angeles
95.8%
2.University of California Berkeley
95.8%
4.University of Michigan
95.8%
8 (tie).University of Florida
95.1%
13 (tie).University of Georgia
95.1%
5 (tie).University of North Carolina
93.7%
38 (tie).Indiana University
91.5%
20 (tie).University of Washington
90.1%
13 (tie).University of Illinois
89.4%
20 (tie).Pennsylvania State University
88.7%
12.University of California San Diego
88%
17 (tie).Ohio State University
88%
15 (tie).University of Wisconsin
87.3%
45.University of Oregon
87.3%
26 (tie).Florida State University
86.6%
8 (tie).Georgia Institute of Technology
85.2%
22 (tie).University of Maryland
85.2%
36 (tie).Michigan State University
85.2%
42 (tie).University of Colorado
85.2%
26 (tie).University of Massachusetts Amherst
83.1%
30 (tie).University of Minnesota
83.1%
Number School % Correct
7.University of California Irvine
81.7%
22 (tie).University of Connecticut
81.7%
5 (tie).University of California Santa Barbara
81%
30 (tie).Virginia Tech University
80.3%
38 (tie).University of Iowa
80.3%
10 (tie).University of California Davis
78.9%
17 (tie).Rutgers University New Brunswick
76.8%
24 (tie).Clemson University
75.4%
32 (tie).North Carolina State University
73.2%
24 (tie).Texas A&M University
72.5%
17 (tie).Purdue University
70.4%
26 (tie).University of Pittsburgh
69.7%
42 (tie).University of Vermont
69.7%
38 (tie).SUNY Buffalo
69%
32 (tie).SUNY Binghamton
61.3%
38 (tie).University of Delaware
61.3%
36 (tie).University of California Riverside
60.6%
32 (tie).SUNY Stony Brook
58.5%
26 (tie).University of California Santa Cruz
54.9%
42 (tie).Miami University
54.9%
10 (tie).College of William & Mary
51.4%
32 (tie).Colorado School of Mines
29.6%
Remove Ads.
Support Sporcle.
Get the best of Sporcle when you Go Orange. This ad-free experience offers more features, more stats, and more fun while also helping to support Sporcle. Thank you for becoming a member.

You're not logged in!

Compare scores with friends on all Sporcle quizzes.
OR
Log In

Sporcle TV

Today on Sporcle TV


Watch our educational content, quiz creation guides, and fun videos on Sporcle TV.

Show Comments

Extras

Top Quizzes Today


Score Distribution

Paid Content

Your Account Isn't Verified!

In order to create a playlist on Sporcle, you need to verify the email address you used during registration. Go to your Sporcle Settings to finish the process.

Report this User

Report this user for behavior that violates our Community Guidelines.

Details: